| 000 | 00585nam a22001937a 4500 | ||
|---|---|---|---|
| 003 | OSt | ||
| 005 | 20240712152824.0 | ||
| 008 | 240712b |||||||| |||| 00| 0 eng d | ||
| 020 | _a 0256209936 | ||
| 040 |
_aDDC _cMUST |
||
| 082 | _a330 FEL 1997 | ||
| 100 |
_aC. Michael Fellows...(et al) _918714 |
||
| 245 |
_aEconomic Issues: _bA Canadian Perspective/ _cC. Michael Fellows...(et al) |
||
| 260 |
_aNY: _bMcGraw-Hill Ryerson Limited _c1997. |
||
| 300 |
_axviii,574p.: _bill,; _c23cm. |
||
| 504 | _aIncludes Bibliographical Indexes | ||
| 650 |
_aEconomics _9975 |
||
| 942 |
_2ddc _cO_SHELF |
||
| 999 |
_c9174 _d9174 |
||